| 000 -LEADER |
| fixed length control field |
03264cam a22003978i 4500 |
| 001 - CONTROL NUMBER |
| control field |
21634671 |
| 003 - CONTROL NUMBER IDENTIFIER |
| control field |
NUST |
| 005 - DATE AND TIME OF LATEST TRANSACTION |
| control field |
20240305144104.0 |
| 008 - FIXED-LENGTH DATA ELEMENTS--GENERAL INFORMATION |
| fixed length control field |
200729s2021 enk b 001 0 eng |
| 010 ## - LIBRARY OF CONGRESS CONTROL NUMBER |
| LC control number |
2020033651 |
| 020 ## - INTERNATIONAL STANDARD BOOK NUMBER |
| International Standard Book Number |
9780367619947 |
| 038 ## - RECORD CONTENT LICENSOR |
| Staff Name |
Malang Jan |
| 040 ## - CATALOGING SOURCE |
| Original cataloging agency |
DLC |
| Language of cataloging |
eng |
| Description conventions |
rda |
| Transcribing agency |
DLC |
| Modifying agency |
DLC |
| 042 ## - AUTHENTICATION CODE |
| Authentication code |
pcc |
| 043 ## - GEOGRAPHIC AREA CODE |
| Geographic area code |
a-ii--- |
| 050 00 - LIBRARY OF CONGRESS CALL NUMBER |
| Classification number |
DS419 |
| Item number |
.H47 2021 |
| 082 00 - DEWEY DECIMAL CLASSIFICATION NUMBER |
| Classification number |
363.690954 |
| Edition number |
23 |
| Author Mark |
HER |
| 245 00 - TITLE STATEMENT |
| Title |
Heritage conservation in postcolonial India : |
| Remainder of title |
approaches and challenges / |
| Statement of responsibility, etc. |
edited by Manish Chalana and Ashima Krishna. |
| 263 ## - PROJECTED PUBLICATION DATE |
| Projected publication date |
2101 |
| 264 #1 - PRODUCTION, PUBLICATION, DISTRIBUTION, MANUFACTURE, AND COPYRIGHT NOTICE |
| Place of production, publication, distribution, manufacture |
Abingdon, Oxon ; |
| -- |
New York : |
| Name of producer, publisher, distributor, manufacturer |
Routledge, |
| Date of production, publication, distribution, manufacture, or copyright notice |
2021. |
| 300 ## - PHYSICAL DESCRIPTION |
| Extent |
307p.: |
| Other physical details |
ill; |
| 336 ## - CONTENT TYPE |
| Content type term |
text |
| Content type code |
txt |
| Source |
rdacontent |
| 337 ## - MEDIA TYPE |
| Media type term |
unmediated |
| Media type code |
n |
| Source |
rdamedia |
| 338 ## - CARRIER TYPE |
| Carrier type term |
volume |
| Carrier type code |
nc |
| Source |
rdacarrier |
| 504 ## - BIBLIOGRAPHY, ETC. NOTE |
| Bibliography, etc. note |
Includes bibliographical references and index. |
| 505 2# - FORMATTED CONTENTS NOTE |
| Formatted contents note |
Developments in Heritage Conservation: Institutions and Programs. The Evolving Role of India's Foremost Heritage Custodian: Archaeological Survey of India / Saptarshi Sanyal -- Critical Challenges in Heritage Conservation -- Emerging Trends in Heritage Conservation. Conserving vernacular heritage of minority groups in Malabar, Kerala / Patricia Tusa Fels -- Sustainable Approaches to Heritage Conservation. Community led sustainable and responsible tourism promoting intangible cultural heritage of West Bengal / Ananya Bhattacharya. |
| 520 ## - SUMMARY, ETC. |
| Summary, etc. |
"Heritage Conservation in Postcolonial India seeks to position the conservation profession within historical, theoretical, and methodological frames to demonstrate how the field has evolved in the post-colonial decades and follow its various trajectories in research, education, advocacy, and practice. Split into four sections, this book covers important themes of institutional and programmatic developments in the field of conservation; critical, and contemporary challenges facing the profession; emerging trends in practice that seek to address contemporary challenges; and sustainable solutions to conservation issues. The cases featured within the book elucidate the evolution of heritage conservation profession, clarifying the role of key players at the central, state, and local level, and considers intangible, minority, colonial, modern and vernacular heritages among others. This book also showcases unique strands of conservation practice in the postcolonial decades to demonstrate the range, scope, and the multiple avenues of development in the last seven decades. An ideal read for those interested in architecture, planning, historic preservation, urban studies, and South Asian studies"-- |
| Assigning source |
Provided by publisher. |
| 650 #0 - SUBJECT ADDED ENTRY--TOPICAL TERM |
| Topical term or geographic name entry element |
Historic preservation |
| Geographic subdivision |
India. |
| 9 (RLIN) |
121841 |
| 650 #0 - SUBJECT ADDED ENTRY--TOPICAL TERM |
| Topical term or geographic name entry element |
Cultural property |
| General subdivision |
Protection |
| Geographic subdivision |
India. |
| 9 (RLIN) |
121842 |
| 700 1# - ADDED ENTRY--PERSONAL NAME |
| Personal name |
Chalana, Manish, |
| Relator term |
editor. |
| 9 (RLIN) |
121843 |
| 700 1# - ADDED ENTRY--PERSONAL NAME |
| Personal name |
Krishna, Ashima, |
| Relator term |
editor. |
| 9 (RLIN) |
121844 |
| 776 08 - ADDITIONAL PHYSICAL FORM ENTRY |
| Relationship information |
Online version: |
| Title |
Heritage conservation practice in postcolonial India |
| Place, publisher, and date of publication |
Abingdon, Oxon ; New York : Routledge, 2021 |
| International Standard Book Number |
9781003109426 |
| Record control number |
(DLC) 2020033652 |
| 906 ## - LOCAL DATA ELEMENT F, LDF (RLIN) |
| a |
7 |
| b |
rip |
| c |
orignew |
| d |
1 |
| e |
ecip |
| f |
20 |
| g |
y-gencatlg |
| 942 ## - ADDED ENTRY ELEMENTS (KOHA) |
| Source of classification or shelving scheme |
|
| Koha item type |
Book |